Statistics for Famous Attractions in San Diego

Click here to take the quiz!

General Stats

  • This quiz has been taken 10 times
  • The average score is 5 of 12

Answer Stats

Answer% Correct
San Diego Zoo
75%
SeaWorld
75%
Balboa Park
63%
Belmont Park
63%
Hotel Del Coronado
63%
Julian Pie
50%
Seaport Village
50%
Downtown
38%
Cowles Mountain
13%
Lake Murray
13%
Cabrillo National Monument
0%
Pacific Beach
0%

Score Distribution

Percentile by Number Answered

Percent of People with Each Score

Your Score History

You have not taken this quiz